L'epistemologie historique de Gaston

保存先:
書誌詳細
第一著者: Lecourt, Dominique
フォーマット: 図書
言語:Undetermined
出版事項: París, Francia Philosofique 1969
主題:
タグ: タグ追加
タグなし, このレコードへの初めてのタグを付けませんか!

MARC

LEADER 00000nam a2200000Ia 4500
008 170316s9999 xx 000 0 und d
090 |a 100 L-27.1e 
100 |a Lecourt, Dominique 
245 |a L'epistemologie historique de Gaston 
260 |a París, Francia 
260 |b Philosofique 
260 |c 1969 
300 |a 111 páginas 
650 |a FILOSOFÍA 
999 |c 16748  |d 16748 
040 |a cru BVZT 
942 |c 15 D  |h 100 L-27.1e  |2 z